| 000 | 00494nam a22001697a 4500 | ||
|---|---|---|---|
| 999 |
_c40680 _d40680 |
||
| 003 | OSt | ||
| 005 | 20200606120112.0 | ||
| 008 | 191028b ||||| |||| 00| 0 eng d | ||
| 020 | _a818914699 | ||
| 040 | _cMESKC library | ||
| 082 |
_a891.43 _bSIN/A |
||
| 100 |
_aSingh,Shribhagwan _983 |
||
| 245 |
_aAdhunikatha Aur Thulsidas/ _cSribhagavan Singh |
||
| 260 |
_aNew Delhi: _bM K International, _c2013 |
||
| 300 | _a167p | ||
| 942 |
_2ddc _cBK _h891.43 _iSIN/A _k891.43 _mSIN/A |
||